000 02437nam a2200457 c 4500
999 _c31745
_d31745
003 BLK
005 20250516144640.0
008 180407b bul|||||r ||||||| ||bul||
010 _aKNG00034405000
040 _aBLK
041 _aBUL
_cBUL
080 _aМашинна графика
_b004
_x(075.8)
_z004(075.8)
080 _aИнтернет. Изчислителни системи. Мултиизчислителни комплекси и многомашинни мрежи
_b004.738.5
_x.06(075.8)
_z004.738.5.06(075.8)
100 1 _aИлиев, Върбан Иванов
_eпърви автор
_9366694
139 _aИнформатика и информационни технологии
_bИ 73
245 1 0 _aИнформатика и информационни технологии
_bУчебник за ВУЗ
_cВърбан Иванов Илиев; * Цветомир Иванов Василев; * Маргарита Стефанова Теодосиева; * Кръстимир Борисов Попов; * Румен Иванов Русев.
250 _a2. прераб. и доп. изд.
257 _aBGR
260 _bИзд. авт.
_c2000
_fРусе : Дунав прес
300 _a389 с.
_bс ил.
_c20 см
380 _a0
500 _a1. изд. 1997 със загл. Програмиране и използване на изчислителни системи изд. на ТУ Ангел Кънчев - Русе. - Офс. изд. - 2 000 тир. - Библиогр. след отд. гл.
504 _aслед отд. гл.
650 4 _aИнформатика - учебници за ВУЗ
_9243580
650 4 _aПрограмиране - учебници за ВУЗ
_9259263
653 _aинформатика
653 _aинформационни технологии
653 _aпрограмиране
653 _aучебници за ВУЗ
700 1 _aВасилев, Цветомир Иванов
_e*
_9366695
700 1 _aТеодосиева, Маргарита Стефанова
_e*
_9271760
700 1 _aПопов, Кръстимир Борисов
_e*
_9271761
700 1 _aРусев, Румен Иванов
_e*
_9271762
852 _aЦб 206590
856 4 _qpdf
856 4 _qpdf
942 _cKNG
_n0
_s1
_08
944 _aCR
_c15.01.2003
_lРусанова Ирена
_k30542
944 _aED
_c18.11.2009
_lф /
999 _d31745